| 000 | 00684nam a2200205 a 4500 | ||
|---|---|---|---|
| 003 | OSt | ||
| 005 | 20150408114119.0 | ||
| 008 | 130224s2013 le g b 000 0 ara d | ||
| 020 | _a9959291596 | ||
| 040 | _aMa-Un | ||
| 082 | 0 | 4 |
_221 _a251 _bأ ع أ |
| 100 | 1 |
_921628 _aأبو ناجي، عبد السلام محمود. |
|
| 245 | 1 | 0 |
_aأصول الفقه / _cتأليف عبد السلام محمود أبو ناجي. |
| 250 | _aط. 2. | ||
| 260 |
_aبيروت : _bالمدار الإسلامي، _c2013 _m[1434] |
||
| 300 |
_a400 ص. ؛ _c24 سم. |
||
| 504 | _aببليوجرافية : ص. 395-398. | ||
| 650 | 7 |
_aأصول الفقه الإسلامي _2aucsh |
|
| 942 |
_2ddc _cBOOK |
||
| 999 |
_c28109 _d262609 |
||